An Indelible Journey/ (Record no. 201806)

MARC details
000 -LEADER
fixed length control field 00523nam a22001697a 4500
005 - DATE AND TIME OF LATEST TRANSACTION
control field 20240327130124.0
010 ## - LCCN (DPL NO)
LC control number ENG-139960
020 ## - INTERNATIONAL STANDARD BOOK NUMBER
International Standard Book Number 9788193585702
Terms of availability 2500.00
035 ## - SYSTEM CONTROL NUMBER
System control number EN-123492
037 ## - SOURCE OF ACQUISITION
Source of stock number/acquisition DBAD
082 ## - DEWEY DECIMAL CLASSIFICATION NUMBER
Classification number 363.20595435
245 ## - TITLE STATEMENT
Title An Indelible Journey/
260 ## - PUBLICATION, DISTRIBUTION, ETC. (IMPRINT)
Place of publication, distribution, etc Hyderabad
Name of publisher, distributor, etc Sardar Vallahbhai Patel National Police Academy
Date of publication, distribution, etc 2017
270 ## - ADDRESS
City Hyderabad
Address Sardar Vallahbhai Patel National Police Academy
300 ## - PHYSICAL DESCRIPTION
Extent 289p.
Dimensions 32cm(hb)
942 ## - ADDED ENTRY ELEMENTS (KOHA)
Source of classification or shelving scheme Dewey Decimal Classification
Item type English Books
Classification part 363.20595435
Call number suffix IND
Edition 1
Holdings
Withdrawn status Lost status Not for loan Collection code Home library Current library Date acquired Source of acquisition Cost, normal purchase price Full call number Barcode Copy number Cost, replacement price Koha item type
    Not For Loan Reference Ashok Vihar Ashok Vihar 27/03/2024 DBAD 2500.00 363.20595435 IND EN-123492 1 2500.00 English Books

© Delhi Public Library
Hit Counter
free hit counter